000 00499nam a2200193 a 4500
001 1764842421871
003 ACL
005 20251204153252.0
008 251204s2000##################000#0#eng##
020 _a9789058093110
082 0 4 _a624.19
_bJOH
100 1 _aJohansen, John,
_eauthor.
245 1 0 _aModern Trends in Tunnelling and Blast Design :
260 _bCRC Press,
_c2000.
300 _a182 pages
650 0 _aTechnology & Engineering.
942 _cENGLISH
040 _aACL
_beng
_cACL
999 _c600113
_d600113